MIDI for Musicians.

Αποθηκεύτηκε σε:
Λεπτομέρειες βιβλιογραφικής εγγραφής
Κύριος συγγραφέας: Anderton, Craig (Συγγραφέας)
Μορφή: Βιβλίο
Έκδοση: New York, United States: Amsco Publications, 1986.
Θέματα:
Ετικέτες: Προσθήκη ετικέτας
Δεν υπάρχουν, Καταχωρήστε ετικέτα πρώτοι!

MARC

LEADER 00000nam a22000007a 4500
003 CL-VaPUC
005 20250321101932.0
008 250124t1986 ||||| |||| 00| 0 eng d
999 |c 446797  |d 446795 
020 |a 0825610508 
040 |c Pontificia Universidad Católica de Valparaíso 
082 |a 786.7028 AND 1986 
100 |9 895834  |a Anderton, Craig  |e author 
245 |a MIDI for Musicians. 
260 |a New York, United States:  |b Amsco Publications,  |c 1986. 
300 |a xiii, 105 páginas:  |b ilustraciones. 
500 |a c.1. Instituto Arcos.08-01-2025. 
583 |c 20250124  |k Gabriela Rodríguez Cuevas 
650 0 |9 895835  |a Instrumento musical electrónico  |x Técnicas digitales 
650 0 |9 261796  |a Sonido   |x Procesamiento computacional 
650 0 |9 891650  |a Tecnología musical   |x Interfaz Digital de Instrumentos Musicales (MIDI) 
942 |2 ddc  |c BK  |n 0 
952 |0 0  |1 0  |2 ddc  |4 0  |6 786_702800000000000_AND_1986  |7 0  |9 599881  |a BIBINC  |b BIBINC  |c GEN  |d 2025-01-24  |e Instituto Arcos  |i 5664723  |o 786.7028 AND 1986  |p 5664723  |r 2025-01-24  |t 1  |w 2025-01-24  |y BK  |k IFP